[Event "TCh-FRA Top 12 2019"]
[Site "Brest FRA"]
[Date "2019.05.19"]
[Round "2.2"]
[Board "7"]
[White "Loiseau, Quentin"]
[Black "Bressac, Stephane"]
[Result "1-0"]
[WhiteTitle "IM"]
[BlackTitle "FM"]
[WhiteElo "2471"]
[BlackElo "2358"]
[WhiteTeam "Grasse Echecs"]
[BlackTeam "Cannes Echecs"]
[WhiteFideId "665274"]
[BlackFideId "655945"]
[EventDate "2019.05.18"]

1. d4 d6 2. Nf3 Nf6 3. c4 g6 4. Nc3 Nbd7 5. e4 e5 6. Be2 Bg7 7. Be3 O-O 8. d5
Ng4 9. Bg5 f6 10. Bd2 Nh6 11. h4 a5 12. Qc1 Nf7 13. h5 Nc5 14. hxg6 hxg6 15. Nh4
Nh8 16. Qc2 f5 17. exf5 gxf5 18. g4 fxg4 19. O-O-O Qf6 20. Ne4 Nxe4 21. Qxe4 Nf7
22. Bd3 Ng5 23. Bxg5 Qxg5+ 24. Kb1 Rxf2 25. Qh7+ Kf7 26. Rdf1 Rf4 27. Ng2 Rf3
28. Nh4 Rf4 29. Ng6 Bd7 30. Nxf4 exf4 31. Rxf4+ Qxf4 32. Qg6+ Kf8 33. Rf1 Qxf1+
34. Bxf1 Re8 35. Bd3 Re1+ 36. Kc2 Rg1 37. Be4 a4 38. Qg5 Rf1 39. Qd8+ Be8 40.
Bg6 Re1 41. Bxe8 Rxe8 42. Qxc7 Be5 43. Qd7 g3 44. Qf5+ Kg7 45. c5 Re7 46. c6
bxc6 47. dxc6 Rf7 48. Qg5+ Kh7 49. Qh5+ Kg8 50. Qg4+ Kh7 51. Kd3 Rg7 52. Qh3+
Kg8 53. Qc8+ Kf7 54. c7 g2 55. Qf5+ 1-0

[Event "TCh-FRA Top 12 2019"]
[Site "Brest FRA"]
[Date "2019.05.19"]
[Round "2.2"]
[Board "8"]
[White "Verot, Melanie"]
[Black "Barbot, Pierre1"]
[Result "0-1"]
[BlackTitle "IM"]
[WhiteElo "2069"]
[BlackElo "2439"]
[WhiteTeam "Cannes Echecs"]
[BlackTeam "Grasse Echecs"]
[WhiteFideId "631043"]
[BlackFideId "663727"]
[EventDate "2019.05.18"]

1. d4 Nf6 2. Nf3 e6 3. c4 Bb4+ 4. Nbd2 O-O 5. e3 b6 6. Bd3 Bb7 7. O-O d5 8. a3
Be7 9. cxd5 exd5 10. b4 Nbd7 11. Bb2 c5 12. bxc5 bxc5 13. dxc5 Nxc5 14. Nb3 Nxd3
15. Qxd3 Ne4 16. Rfd1 a5 17. Qb5 Nd6 18. Qa4 Nc4 19. Bd4 Qc7 20. Nbd2 Rfc8 21.
Rdc1 Bd6 22. Qc2 Qe7 23. Qf5 Nxd2 24. Nxd2 Rxc1+ 25. Rxc1 Bxa3 26. Rb1 Bb4 27.
Nf3 Qe4 28. Qxe4 dxe4 29. Ne5 f6 30. Nd7 Rc8 31. h4 Rc7 32. Nb6 Rc2 33. h5 h6
34. Ra1 Kf7 35. g4 Ke6 36. Rd1 Ba6 37. Na4 Be2 38. Rb1 Bxg4 39. Bb6 Bxh5 40. Nb2
Be2 41. Bd4 h5 42. Kg2 Bf3+ 43. Kg1 h4 44. Na4 Bd6 45. Nc3 h3 0-1

[Event "TCh-FRA Top 12 2019"]
[Site "Brest FRA"]
[Date "2019.05.19"]
[Round "2.3"]
[Board "1"]
[White "Efimov, Igor"]
[Black "Van Foreest, Jorden"]
[Result "0-1"]
[WhiteTitle "GM"]
[BlackTitle "GM"]
[WhiteElo "2439"]
[BlackElo "2601"]
[WhiteTeam "C.E.M.C. Monaco"]
[BlackTeam "Clichy-Echecs-92"]
[WhiteFideId "806404"]
[BlackFideId "1039784"]
[EventDate "2019.05.18"]

1. d4 Nf6 2. Nf3 c5 3. dxc5 e6 4. c4 Bxc5 5. Nc3 O-O 6. e3 b6 7. Be2 Bb7 8. O-O
a6 9. b3 Qc7 10. Bb2 Ng4 11. h3 Bxf3 12. hxg4 Bb7 13. Bf3 Rd8 14. Bxb7 Qxb7 15.
g5 b5 16. Qg4 bxc4 17. Ne4 Bf8 18. f3 Nc6 19. Nf6+ gxf6 20. gxf6+ Kh8 21. Kf2
Qb4 22. Rad1 cxb3 23. Qh5 Qc5 24. Qxf7 Qc2+ 25. Kg3 Qxb2 26. Rh1 Bd6+ 27. Rxd6
Rg8+ 0-1

[Event "TCh-FRA Top 12 2019"]
[Site "Brest FRA"]
[Date "2019.05.19"]
[Round "2.3"]
[Board "2"]
[White "Van Wely, Loek"]
[Black "Cornette, Deimante"]
[Result "1-0"]
[WhiteTitle "GM"]
[BlackTitle "IM"]
[WhiteElo "2600"]
[BlackElo "2433"]
[WhiteTeam "Clichy-Echecs-92"]
[BlackTeam "C.E.M.C. Monaco"]
[WhiteFideId "1000268"]
[BlackFideId "12802859"]
[EventDate "2019.05.18"]

1. c4 e6 2. Nc3 d5 3. d4 a6 4. e4 dxe4 5. Nxe4 Bb4+ 6. Nc3 c5 7. Nf3 Nf6 8. a3
Ba5 9. dxc5 Bxc3+ 10. bxc3 Qxd1+ 11. Kxd1 Nbd7 12. a4 Nxc5 13. Be3 Nfe4 14. Kc2
Bd7 15. Ne5 f6 16. Nxd7 Nxd7 17. Rb1 Nec5 18. a5 Rc8 19. Be2 Ke7 20. Rhe1 Rc7
21. Bf4 Ne5 22. Bf1 Ncd7 23. h4 Rb8 24. Rb4 Rbc8 25. Reb1 Nc5 26. Be2 Rd8 27.
Be3 Ned7 28. f4 Rb8 29. Bf3 Kd8 30. Bd4 Ke7 31. Be3 Kf7 32. g4 Ke7 33. g5 f5 34.
Bd4 Kf7 35. h5 Kf8 36. Bg2 Kg8 37. Bf3 Kf8 38. g6 h6 39. Bg2 Kg8 40. Bh1 Kf8 41.
Bf3 Kg8 42. Rb6 Nxb6 43. axb6 Rcc8 44. Re1 Ne4 45. Bxe4 fxe4 46. Rxe4 Re8 47. c5
Rbc8 48. Kb3 Re7 49. Kb4 Rf8 50. Be5 Rf5 51. Rd4 1-0

[Event "TCh-FRA Top 12 2019"]
[Site "Brest FRA"]
[Date "2019.05.19"]
[Round "2.3"]
[Board "3"]
[White "Kosten, Anthony C."]
[Black "Hamdouchi, Hicham"]
[Result "1/2-1/2"]
[WhiteTitle "GM"]
[BlackTitle "GM"]
[WhiteElo "2419"]
[BlackElo "2584"]
[WhiteTeam "C.E.M.C. Monaco"]
[BlackTeam "Clichy-Echecs-92"]
[WhiteFideId "400114"]
[BlackFideId "9000011"]
[EventDate "2019.05.18"]

1. Nf3 g6 2. e4 c5 3. d4 cxd4 4. Nxd4 Nf6 5. Nc3 d6 6. Be2 Bg7 7. O-O O-O 8. Re1
Nc6 9. Nb3 a6 10. a4 b6 11. Bf1 Bb7 12. Nd5 Nd7 13. c3 e6 14. Ne3 Nf6 15. Ng4
Nxg4 16. Qxg4 Qc7 17. Qh4 Rad8 18. Bg5 f6 19. Bh6 Bxh6 20. Qxh6 Ne5 21. Nd4 Rde8
22. f4 Nf7 23. Qh3 Bc8 24. Bxa6 Bxa6 25. Nxe6 Qc8 26. Nxf8 Qxh3 27. gxh3 Kxf8
28. b4 g5 29. a5 b5 30. c4 bxc4 31. Reb1 Rb8 32. b5 Rxb5 33. Rxb5 Bxb5 34. a6
Bc6 35. a7 Bxe4 36. a8=Q+ Bxa8 37. Rxa8+ Kg7 38. Rc8 d5 39. fxg5 Nxg5 40. Rc5
Nxh3+ 41. Kg2 Nf4+ 42. Kf3 Nd3 43. Rxd5 Kg6 44. Ke4 1/2-1/2

[Event "TCh-FRA Top 12 2019"]
[Site "Brest FRA"]
[Date "2019.05.19"]
[Round "2.3"]
[Board "4"]
[White "Tregubov, Pavel V."]
[Black "Sulava, Nenad"]
[Result "1-0"]
[WhiteTitle "GM"]
[BlackTitle "GM"]
[WhiteElo "2586"]
[BlackElo "2422"]
[WhiteTeam "Clichy-Echecs-92"]
[BlackTeam "C.E.M.C. Monaco"]
[WhiteFideId "4115341"]
[BlackFideId "14500205"]
[EventDate "2019.05.18"]

1. c4 b6 2. Nc3 e6 3. e4 Bb7 4. Nf3 Bb4 5. Bd3 Ne7 6. O-O O-O 7. Bc2 Bxc3 8.
bxc3 d6 9. d4 Nd7 10. Ng5 h6 11. Nh3 Ba6 12. Qd3 Ng6 13. f4 d5 14. exd5 exd5 15.
f5 Bxc4 16. Qg3 Bxf1 17. fxg6 Bc4 18. Bxh6 Qf6 19. Bg5 Qc6 20. Nf4 fxg6 21. Nxg6
Rfe8 22. Re1 Nf8 23. Ne7+ Rxe7 24. Rxe7 Re8 25. Rxc7 Qe6 26. h4 Qe1+ 27. Qxe1
Rxe1+ 28. Kh2 Re2 29. Bf5 Rxa2 30. Bf4 Rf2 31. Kg3 Rf1 32. Rxa7 b5 33. h5 1-0

[Event "TCh-FRA Top 12 2019"]
[Site "Brest FRA"]
[Date "2019.05.19"]
[Round "2.3"]
[Board "5"]
[White "Ribbegren, Karl Johan"]
[Black "Guichard, Pauline"]
[Result "1-0"]
[BlackTitle "WGM"]
[WhiteElo "2209"]
[BlackElo "2430"]
[WhiteTeam "C.E.M.C. Monaco"]
[BlackTeam "Clichy-Echecs-92"]
[WhiteFideId "5400040"]
[BlackFideId "639370"]
[EventDate "2019.05.18"]

1. c4 Nf6 2. g3 g6 3. Bg2 Bg7 4. Nc3 O-O 5. e3 e5 6. Nge2 Re8 7. O-O d6 8. Rb1
a5 9. a3 c6 10. e4 Be6 11. d3 Na6 12. h3 Nc7 13. f4 b5 14. f5 Bc8 15. g4 b4 16.
Na4 Nd7 17. Be3 Rb8 18. Qe1 Ba6 19. b3 d5 20. axb4 axb4 21. Qf2 d4 22. Bd2 Qe7
23. Ra1 c5 24. h4 Bb7 25. g5 gxf5 26. Qxf5 f6 27. Ng3 fxg5 28. Bxg5 Qe6 29. Qf3
h6 30. Bd2 Rf8 31. Nf5 Rf7 32. Bh3 Kh8 33. Kh2 Qg6 34. Rg1 Qf6 35. Qh5 Ne6 36.
Rg6 1-0

[Event "TCh-FRA Top 12 2019"]
[Site "Brest FRA"]
[Date "2019.05.19"]
[Round "2.3"]
[Board "6"]
[White "Libiszewski, Fabien"]
[Black "Leconte, Maria"]
[Result "1-0"]
[WhiteTitle "GM"]
[BlackTitle "WGM"]
[WhiteElo "2511"]
[BlackElo "2246"]
[WhiteTeam "Clichy-Echecs-92"]
[BlackTeam "C.E.M.C. Monaco"]
[WhiteFideId "616834"]
[BlackFideId "618446"]
[EventDate "2019.05.18"]

1. e4 e6 2. d4 d5 3. Nd2 c5 4. exd5 exd5 5. Bb5+ Nc6 6. Ngf3 Nf6 7. O-O cxd4 8.
Re1+ Be7 9. Ne5 Bd7 10. Nxd7 Qxd7 11. Nf3 O-O 12. Nxd4 Bd6 13. Bg5 Ne4 14. Be3
Rfe8 15. c3 a6 16. Ba4 Bc7 17. Nxc6 bxc6 18. c4 Qd6 19. g3 Ba5 20. Re2 Red8 21.
cxd5 cxd5 22. Rc1 Rac8 23. Rxc8 Rxc8 24. Bb3 Rd8 25. Qd4 h6 26. Kg2 Nf6 27. Bf4
Qb4 28. Be5 Qb5 29. Bxf6 Qxe2 30. Bxd8 Bxd8 31. Bxd5 Qe7 32. b4 Kf8 33. a4 Qd6
34. Qc4 Qd7 35. Bc6 Qa7 36. Qd5 Qe7 37. a5 Bc7 38. Qc4 Bd8 39. Qxa6 Qxb4 40. Qe2
Qe7 41. Qb5 g6 42. a6 Qa7 43. Qe5 Bb6 44. Qh8+ Ke7 45. Qe8+ Kf6 46. f4 Bd4 47.
Bd5 Kg7 48. Kf3 Qc7 49. Ke4 Ba7 50. Qe5+ Qxe5+ 51. Kxe5 Bb8+ 52. Kd4 g5 53. Be4
gxf4 54. gxf4 Kf6 55. Kd5 Ba7 56. Kc6 Ke6 57. Kb7 Bd4 58. a7 Bxa7 59. Kxa7 f5
60. Bf3 Kd6 61. Kb6 1-0

[Event "TCh-FRA Top 12 2019"]
[Site "Brest FRA"]
[Date "2019.05.19"]
[Round "2.3"]
[Board "7"]
[White "Van Hoolandt, Patrick"]
[Black "Delorme, Axel"]
[Result "0-1"]
[WhiteTitle "FM"]
[BlackTitle "GM"]
[WhiteElo "2127"]
[BlackElo "2489"]
[WhiteTeam "C.E.M.C. Monaco"]
[BlackTeam "Clichy-Echecs-92"]
[WhiteFideId "200999"]
[BlackFideId "632023"]
[EventDate "2019.05.18"]

1. d4 Nf6 2. c4 g6 3. Nc3 Bg7 4. e4 d6 5. Nf3 O-O 6. Be3 Nbd7 7. h3 e5 8. dxe5
dxe5 9. Be2 c6 10. O-O Qe7 11. Qc2 Nh5 12. Rfe1 Nc5 13. Rad1 Nf4 14. Bf1 a5 15.
Na4 Nxa4 16. Qxa4 Ne6 17. c5 f5 18. exf5 gxf5 19. Qc4 Kh8 20. Rc1 e4 21. Nh2
Bxb2 22. Rc2 Be5 23. Bc1 Qg7 24. Nf3 Bf6 25. Nh2 Nd4 26. Rd2 Be6 27. Qa4 Rg8 28.
Re3 Be5 29. f4 Bf6 30. g4 fxg4 31. Rg2 Nf3+ 32. Nxf3 exf3 33. Rxf3 gxf3 34. Rxg7
Rxg7+ 35. Kf2 Re8 36. Bc4 Bxh3 37. Be3 Bh4+ 38. Kxf3 Rg3+ 0-1

[Event "TCh-FRA Top 12 2019"]
[Site "Brest FRA"]
[Date "2019.05.19"]
[Round "2.3"]
[Board "8"]
[White "Relange, Eloi"]
[Black "Nelis, Jean-Francois"]
[Result "1-0"]
[WhiteTitle "GM"]
[WhiteElo "2456"]
[BlackElo "2149"]
[WhiteTeam "Clichy-Echecs-92"]
[BlackTeam "C.E.M.C. Monaco"]
[WhiteFideId "600822"]
[BlackFideId "623830"]
[EventDate "2019.05.18"]

1. Nf3 c5 2. c4 b6 3. e4 Bb7 4. Nc3 e6 5. d4 cxd4 6. Nxd4 a6 7. Be2 Qc7 8. O-O
Nf6 9. f3 Be7 10. Be3 d6 11. Qd2 O-O 12. a4 Rd8 13. Rfc1 Nbd7 14. Bf1 Rac8 15.
a5 bxa5 16. Nb3 Qb8 17. Nxa5 Ba8 18. b4 Ne5 19. Bd4 Nfd7 20. Qf2 Bf6 21. b5 axb5
22. Ba7 Bh4 23. g3 Nxf3+ 24. Kh1 Qc7 25. Nxb5 Bxe4 26. Bg2 1-0

[Event "TCh-FRA Top 12 2019"]
[Site "Brest FRA"]
[Date "2019.05.19"]
[Round "2.4"]
[Board "1"]
[White "Fedorov, Alexei"]
[Black "Bacrot, Etienne"]
[Result "1/2-1/2"]
[WhiteTitle "GM"]
[BlackTitle "GM"]
[WhiteElo "2566"]
[BlackElo "2678"]
[WhiteTeam "Gonfreville l'Orcher"]
[BlackTeam "Bischwiller"]
[WhiteFideId "13500465"]
[BlackFideId "605506"]
[EventDate "2019.05.18"]

1. e4 e5 2. Nc3 Nf6 3. g3 Nc6 4. Bg2 Bc5 5. d3 d6 6. h3 Be6 7. Na4 Qe7 8. Ne2 d5
9. exd5 Bxd5 10. Bxd5 Nxd5 11. O-O O-O 12. c4 Nb6 13. Nxc5 Qxc5 14. Be3 Qe7 15.
Qb3 Rfd8 16. Rfd1 Qe6 17. Kh2 Ne7 18. Rac1 Nf5 19. d4 Nxe3 20. Qxe3 Nxc4 21. Qb3
b5 22. Qxb5 Nd6 23. Qxe5 Qxa2 24. Rxc7 Qxb2 25. Rdc1 h6 26. R1c2 Qb3 27. Nf4 Ne8
28. R7c3 Qb8 29. Ra3 Qb4 30. Rca2 Qxd4 31. Qxd4 1/2-1/2

[Event "TCh-FRA Top 12 2019"]
[Site "Brest FRA"]
[Date "2019.05.19"]
[Round "2.4"]
[Board "2"]
[White "Rodshtein, Maxim"]
[Black "Miezis, Normunds"]
[Result "1-0"]
[WhiteTitle "GM"]
[BlackTitle "GM"]
[WhiteElo "2699"]
[BlackElo "2456"]
[WhiteTeam "Bischwiller"]
[BlackTeam "Gonfreville l'Orcher"]
[WhiteFideId "2806851"]
[BlackFideId "11600136"]
[EventDate "2019.05.18"]

1. d4 Nf6 2. c4 e6 3. Nf3 Bb4+ 4. Nbd2 O-O 5. a3 Be7 6. e4 d6 7. Be2 Nbd7 8. Qc2
e5 9. O-O Re8 10. b3 exd4 11. Nxd4 Bf8 12. Bb2 Nc5 13. f3 Nh5 14. f4 Qh4 15.
Bxh5 Qxh5 16. Rf3 f6 17. b4 Ne6 18. Nf5 Nd8 19. Ne3 c6 20. Raf1 a5 21. h3 axb4
22. axb4 Qf7 23. e5 f5 24. exd6 Bxd6 25. c5 Bf8 26. Ndc4 Re4 27. Nb6 Ra2 28.
Nxc8 Qe6 29. Nd1 Rxb4 30. Nd6 Nf7 31. Qc3 Nxd6 32. Qxb4 Ne4 33. Qxb7 Nd2 34. Re3
Qc4 35. Rfe1 Qxc5 36. Qd7 Nc4 37. Bd4 Qb4 38. Re8 h6 1-0

[Event "TCh-FRA Top 12 2019"]
[Site "Brest FRA"]
[Date "2019.05.19"]
[Round "2.4"]
[Board "3"]
[White "Charmeteau, Sven"]
[Black "Ragger, Markus"]
[Result "0-1"]
[WhiteTitle "FM"]
[BlackTitle "GM"]
[WhiteElo "2292"]
[BlackElo "2682"]
[WhiteTeam "Gonfreville l'Orcher"]
[BlackTeam "Bischwiller"]
[WhiteFideId "638285"]
[BlackFideId "1610856"]
[EventDate "2019.05.18"]

1. e4 e6 2. d4 d5 3. Nc3 Nf6 4. e5 Nfd7 5. f4 c5 6. Nf3 Nc6 7. Be3 Be7 8. Qd2
O-O 9. dxc5 Qa5 10. O-O-O b6 11. Bb5 Nb4 12. a3 bxc5 13. Kb1 Rb8 14. axb4 cxb4
15. Nxd5 exd5 16. Bxd7 Bxd7 17. Qxd5 Qxd5 18. Rxd5 Bc6 19. Ra5 Rfc8 20. Nd2 Bxg2
21. Rg1 Bh3 22. b3 Rc6 23. Rxa7 Bf8 24. Ra5 Rbc8 25. Nc4 Be6 26. Nd6 Bxd6 27.
exd6 Rxd6 28. f5 Bd7 29. Bf4 Rb6 30. Rd5 Be8 31. Be5 f6 32. Rd6 Rcc6 33. Rd8 Kf7
34. Bd4 Rb7 35. Re1 Bd7 36. Rf1 Rc8 37. Rxc8 Bxc8 38. Bc5 Rb5 39. Bd6 Bxf5 40.
Rf4 g5 41. Rd4 Bg6 42. Bxb4 f5 43. Bd2 f4 44. Kc1 Re5 45. Bc3 Re3 46. Kb2 f3 47.
Rd2 g4 48. Bd4 Re6 49. c4 Be4 50. Kc3 Kg6 51. b4 h5 52. Bf2 Kg5 53. Rd8 Ra6 54.
Kb2 Ra8 55. Rd4 Re8 56. b5 h4 57. Rd2 Rh8 58. Bd4 g3 59. c5 Rb8 60. b6 Kf4 61.
Kc3 Ra8 62. Kb4 Bc6 63. b7 Rb8 64. Ka5 Rxb7 65. Ka6 Rb1 66. hxg3+ hxg3 67. Ka7
Ke4 68. Ka6 Bb7+ 69. Ka7 Bd5 70. Ka6 g2 71. Be5 Kxe5 0-1

[Event "TCh-FRA Top 12 2019"]
[Site "Brest FRA"]
[Date "2019.05.19"]
[Round "2.4"]
[Board "4"]
[White "Fressinet, Laurent"]
[Black "Vallin, Guillaume"]
[Result "1/2-1/2"]
[WhiteTitle "GM"]
[BlackTitle "IM"]
[WhiteElo "2640"]
[BlackElo "2389"]
[WhiteTeam "Bischwiller"]
[BlackTeam "Gonfreville l'Orcher"]
[WhiteFideId "608742"]
[BlackFideId "614823"]
[EventDate "2019.05.18"]

1. d4 e6 2. c4 Nf6 3. Nc3 Bb4 4. g3 d5 5. Bg2 c6 6. Nf3 Ne4 7. Qc2 f5 8. O-O O-O
9. Ne5 Be7 10. Qb3 Qb6 11. c5 Qxb3 12. axb3 Nd7 13. Nd3 e5 14. e3 Bf6 15. Ne2
exd4 16. exd4 Re8 17. Re1 Nf8 18. b4 Ne6 19. Be3 Nc7 20. h4 Nb5 21. Bf1 Bd7 22.
Kg2 Rad8 23. Red1 a6 24. Ndc1 h6 25. Nf4 g5 26. hxg5 hxg5 27. Nh5 Bh8 28. Be2
Kf7 29. Nb3 g4 30. Rh1 Bf6 31. Nxf6 Nxf6 32. Bd3 Rh8 33. Bf4 Ne4 34. Be5 Rh3 35.
Raf1 Ng5 36. Nd2 Kg6 37. f3 gxf3+ 38. Nxf3 Rxh1 39. Rxh1 Ne4 40. Be2 Rg8 41. Bf4
Kf6 42. Rh7 Be8 43. Kh2 Bf7 44. Be5+ Kg6 45. Rh4 Nf2 46. Ne1 Kg5 47. Rf4 Ne4 48.
Nf3+ Kh6 49. Rxf5 Be6 50. Rf4 Rg4 51. Rf8 Rg8 52. Rxg8 Bxg8 53. Bf4+ Kg7 54.
Be5+ Kh6 55. Ne1 Be6 56. Kg2 Kh7 57. Nc2 Ng5 58. Bd3+ Kg8 59. Ne3 Kf7 60. g4 Na7
61. Nf5 Nc8 62. Kg3 Ne4+ 63. Kf4 Bxf5 64. gxf5 Nf6 65. Be2 Ne7 66. Bf3 Neg8 67.
Bd6 Nh6 68. Bc7 Ke7 69. Kg5 Nf7+ 70. Kg6 Nh8+ 71. Kg7 Ne8+ 72. Kxh8 Nxc7 73. Kg7
Ne8+ 74. Kg6 Nf6 75. Kg5 Kf7 76. Kf4 Ke7 77. Kg5 Kf7 78. Bh5+ Ke7 79. Bg6 Ne4+
80. Kg4 Kf6 81. Kf3 Nd2+ 82. Ke2 Ne4 83. Kd3 Ng3 84. Be8 Ke7 85. Bg6 Kf6 1/2-1/2

[Event "TCh-FRA Top 12 2019"]
[Site "Brest FRA"]
[Date "2019.05.19"]
[Round "2.4"]
[Board "6"]
[White "Edouard, Romain"]
[Black "Payen, Arnaud"]
[Result "1-0"]
[WhiteTitle "GM"]
[BlackTitle "IM"]
[WhiteElo "2642"]
[BlackElo "2358"]
[WhiteTeam "Bischwiller"]
[BlackTeam "Gonfreville l'Orcher"]
[WhiteFideId "633429"]
[BlackFideId "600814"]
[EventDate "2019.05.18"]

1. e4 e5 2. Nf3 d6 3. d4 exd4 4. Nxd4 Nf6 5. Nc3 Be7 6. g3 O-O 7. Bg2 Re8 8. O-O
Bf8 9. b3 Bg4 10. Qd2 Qc8 11. f3 Bd7 12. Bb2 Nc6 13. Nde2 Ne5 14. g4 h6 15. Ng3
c6 16. h3 d5 17. exd5 cxd5 18. Nce2 Bb5 19. Rfe1 Bc5+ 20. Nd4 Nc6 21. Nf5 Nxd4
22. Nxd4 Bd7 23. Qf4 Qb8 24. Qxb8 Raxb8 25. Bf1 Rxe1 26. Rxe1 Re8 27. Rd1 Rc8
28. Bd3 g6 29. Kg2 Ne8 30. Ne2 a6 31. Bd4 Bd6 32. Be3 Bf8 33. Nf4 Nc7 34. a4 Bc6
35. h4 Re8 36. Kf2 Ne6 37. Nxe6 Rxe6 38. Bd4 Be7 39. Rh1 Bd6 40. h5 g5 41. Rd1
Kf8 42. a5 Bb4 43. Ra1 Bd6 44. c3 Re8 45. b4 Bd7 46. Rb1 Bb5 47. Bxb5 axb5 48.
Rd1 f5 49. gxf5 Kf7 50. Ra1 Be5 51. a6 Bxd4+ 52. cxd4 bxa6 53. Rxa6 Rc8 54. Rb6
Rc4 55. Rxb5 Rxd4 56. Rb8 Rf4 57. b5 Ke7 58. b6 Kd7 59. Rh8 Kc6 60. Rxh6+ Kb7
61. Rh7+ Kxb6 62. h6 g4 63. Rh8 Rxf3+ 64. Kg2 Rxf5 65. h7 Rh5 66. Rb8+ Kc5 67.
h8=Q Rxh8 68. Rxh8 Kd4 1-0

[Event "TCh-FRA Top 12 2019"]
[Site "Brest FRA"]
[Date "2019.05.19"]
[Round "2.4"]
[Board "7"]
[White "Vaugeois, Cyrille"]
[Black "Le Roux, Jean-Pierre"]
[Result "0-1"]
[BlackTitle "GM"]
[WhiteElo "2146"]
[BlackElo "2539"]
[WhiteTeam "Gonfreville l'Orcher"]
[BlackTeam "Bischwiller"]
[WhiteFideId "607355"]
[BlackFideId "609404"]
[EventDate "2019.05.18"]

1. e4 e5 2. Nf3 Nc6 3. Nc3 Nf6 4. d4 Bb4 5. d5 Ne7 6. Bd3 d6 7. a3 Bxc3+ 8. bxc3
h6 9. Rb1 O-O 10. c4 Nh7 11. g4 Bxg4 12. Rg1 Bh5 13. Be2 Ng6 14. Rb3 b6 15. Nd4
exd4 16. Bxh5 Qh4 17. Bf3 Rae8 18. Qxd4 Ne5 19. Kf1 f5 20. Bb2 Ng5 0-1

[Event "TCh-FRA Top 12 2019"]
[Site "Brest FRA"]
[Date "2019.05.19"]
[Round "2.5"]
[Board "1"]
[White "Nihal, Sarin"]
[Black "Malakhov, Vladimir"]
[Result "1/2-1/2"]
[WhiteTitle "GM"]
[BlackTitle "GM"]
[WhiteElo "2598"]
[BlackElo "2660"]
[WhiteTeam "Mulhouse Philidor"]
[BlackTeam "Club d'Echecs Metz Fischer"]
[WhiteFideId "25092340"]
[BlackFideId "4120787"]
[EventDate "2019.05.18"]

1. e4 e5 2. Nf3 Nc6 3. Bb5 Nf6 4. d3 Bc5 5. O-O Nd4 6. Be3 Nxf3+ 7. Qxf3 Bxe3 8.
Qxe3 c6 9. Bc4 O-O 10. Bb3 Qe7 11. Nc3 d6 12. f4 Be6 13. fxe5 dxe5 14. Bxe6 fxe6
15. h3 Qb4 16. Rab1 Qd4 17. Rbe1 Nd7 18. Nd1 a5 19. Kh2 Rf6 20. Rxf6 Nxf6 21.
Qe2 a4 22. a3 b5 23. Rf1 Rf8 24. Qe1 c5 25. Rf3 c4 26. Qa5 cxd3 27. cxd3 Nh5 28.
Rxf8+ Kxf8 29. Qxb5 Nf4 30. Qc4 Nxd3 31. Qxe6 Qxe4 32. Nc3 Qf4+ 33. Kh1 Qf1+ 1/2-1/2

[Event "TCh-FRA Top 12 2019"]
[Site "Brest FRA"]
[Date "2019.05.19"]
[Round "2.5"]
[Board "2"]
[White "Safarli, Eltaj"]
[Black "Heimann, Andreas"]
[Result "1/2-1/2"]
[WhiteTitle "GM"]
[BlackTitle "GM"]
[WhiteElo "2624"]
[BlackElo "2627"]
[WhiteTeam "Club d'Echecs Metz Fischer"]
[BlackTeam "Mulhouse Philidor"]
[WhiteFideId "13402129"]
[BlackFideId "24624632"]
[EventDate "2019.05.18"]

1. d4 Nf6 2. Bg5 d5 3. Bxf6 exf6 4. e3 Bd6 5. c4 dxc4 6. Bxc4 f5 7. Nc3 Nd7 8.
Nge2 Nf6 9. Qc2 O-O 10. h3 a6 11. O-O-O b5 12. Bd3 g6 13. g4 b4 14. Na4 fxg4 15.
e4 gxh3 16. e5 Ng4 17. Nf4 Qg5 18. Qd2 Nxe5 19. dxe5 Bxe5 20. Nxh3 Qxd2+ 21.
Kxd2 Bd7 22. b3 Rfe8 23. f4 Bd6 24. f5 Rad8 25. Kc2 Re5 26. fxg6 hxg6 27. Nb2
Bc6 28. Rhg1 Rh5 29. Ng5 Be7 30. Nxf7 Rxd3 31. Nxd3 Kxf7 32. Rdf1+ Kg7 33. Rg4
Rh2+ 34. Rf2 Rxf2+ 35. Nxf2 Bd7 36. Rc4 c5 37. Nd3 Be6 38. Re4 Kf6 39. Kd2 g5
40. Re1 c4 41. bxc4 Bxc4 42. Re4 Bd5 43. Rd4 Bxa2 44. Nxb4 Bc5 45. Rg4 Be6 46.
Nxa6 Bxg4 47. Nxc5 Bc8 48. Ne4+ Kf5 49. Ke3 g4 50. Nd6+ Ke6 51. Nxc8 g3 52. Kf3
g2 53. Kf2 g1=Q+ 54. Kxg1 Ke5 1/2-1/2

[Event "TCh-FRA Top 12 2019"]
[Site "Brest FRA"]
[Date "2019.05.19"]
[Round "2.5"]
[Board "3"]
[White "Gledura, Benjamin"]
[Black "Balogh, Csaba"]
[Result "1/2-1/2"]
[WhiteTitle "GM"]
[BlackTitle "GM"]
[WhiteElo "2645"]
[BlackElo "2598"]
[WhiteTeam "Mulhouse Philidor"]
[BlackTeam "Club d'Echecs Metz Fischer"]
[WhiteFideId "712779"]
[BlackFideId "718939"]
[EventDate "2019.05.18"]

1. d4 d5 2. c4 c6 3. Nf3 Nf6 4. Nc3 dxc4 5. a4 e6 6. e3 c5 7. Bxc4 cxd4 8. exd4
Nc6 9. O-O Be7 10. Qe2 O-O 11. Rd1 Nb4 12. Bg5 h6 13. Bxf6 Bxf6 14. Ne5 Qc7 15.
Bb3 b6 16. Rac1 Qe7 17. Ne4 Bb7 18. Rc3 Bxe5 19. dxe5 Bxe4 20. Qxe4 Rad8 21.
Rcc1 Rxd1+ 22. Rxd1 Rc8 23. g3 Qc5 24. Rd4 a5 1/2-1/2

[Event "TCh-FRA Top 12 2019"]
[Site "Brest FRA"]
[Date "2019.05.19"]
[Round "2.5"]
[Board "4"]
[White "Fedorchuk, Sergey A."]
[Black "Riff, Jean-Noel"]
[Result "1-0"]
[WhiteTitle "GM"]
[BlackTitle "GM"]
[WhiteElo "2620"]
[BlackElo "2494"]
[WhiteTeam "Club d'Echecs Metz Fischer"]
[BlackTeam "Mulhouse Philidor"]
[WhiteFideId "14102536"]
[BlackFideId "611190"]
[EventDate "2019.05.18"]

1. e4 e5 2. Nf3 Nc6 3. Bb5 f5 4. d3 fxe4 5. dxe4 Nf6 6. Qd3 Bb4+ 7. c3 Bc5 8.
O-O d6 9. a4 a5 10. b4 axb4 11. cxb4 Bxb4 12. Qc4 Ba5 13. Ng5 d5 14. exd5 Qxd5
15. Qc2 Bd7 16. Bc4 Nd4 17. Qa2 Qc5 18. Ba3 Bb4 19. Rc1 Qe7 20. Bxb4 Qxb4 21.
Nc3 Qe7 22. Re1 Rf8 23. Rad1 h6 24. Nf7 Rxf7 25. Bxf7+ Qxf7 26. Rxd4 Qxa2 27.
Nxa2 Bxa4 28. Rxe5+ Kf7 29. Nc3 Bc6 30. f3 Ra3 31. Ne2 Bd7 32. Nf4 c6 33. h4 Rc3
34. Ra5 c5 35. Rd6 Ke7 36. Rd2 Bc6 37. Ng6+ Ke6 38. Ra1 Nd5 39. Re1+ Kf6 40. Ne5
Nb4 41. Nxc6 Nxc6 42. Rd6+ Kf5 43. Re4 h5 44. Rde6 1-0

[Event "TCh-FRA Top 12 2019"]
[Site "Brest FRA"]
[Date "2019.05.19"]
[Round "2.5"]
[Board "5"]
[White "Istratescu, Andrei"]
[Black "Feller, Sebastien"]
[Result "1/2-1/2"]
[WhiteTitle "GM"]
[BlackTitle "GM"]
[WhiteElo "2555"]
[BlackElo "2587"]
[WhiteTeam "Mulhouse Philidor"]
[BlackTeam "Club d'Echecs Metz Fischer"]
[WhiteFideId "1200372"]
[BlackFideId "634654"]
[EventDate "2019.05.18"]

1. Nf3 d5 2. d4 Nf6 3. c4 e6 4. e3 a6 5. Nbd2 c5 6. cxd5 exd5 7. dxc5 Bxc5 8.
Nb3 Bb6 9. Be2 Nc6 10. O-O Bg4 11. Nfd4 Bxe2 12. Nxe2 O-O 13. Bd2 1/2-1/2